[Event "BCF-chT4S 1819 (4NCL)"]
[Site "England"]
[Date "2019.05.04"]
[Round "9.73"]
[White "Bull, Philip"]
[Black "Valentine, Brian J"]
[Result "1-0"]
[WhiteElo "1997"]
[BlackElo "1954"]
[PlyCount "75"]
[EventDate "2018.11.17"]
[EventType "team-swiss"]
[EventRounds "11"]
[EventCountry "ENG"]
[SourceTitle "EXT 2021"]
[Source "ChessBase"]
[SourceDate "2020.10.23"]
[SourceVersion "1"]
[SourceVersionDate "2020.10.23"]
[SourceQuality "1"]
[WhiteTeam "Shropshire II"]
[BlackTeam "MK Phoenix II"]
[WhiteTeamCountry "ENG"]
[BlackTeamCountry "ENG"]

1. d4 Nf6 2. e3 e6 3. Bd3 c5 4. c3 Nc6 5. f4 cxd4 6. exd4 Be7 7. Nf3 b6 8. 0-0 Bb7 9. Qe2 0-0 10. Nbd2 Qc7 11. Ne4 Na5 12. Nxf6+ Bxf6 13. Ne5 g6 14. Be3 Nc6 15. Ng4 Bg7 16. Qf2 f5 17. Ne5 d6 18. Nf3 e5 19. dxe5 dxe5 20. Bc4+ Kh8 21. Ng5 Nd8 22. Bb3 Bf6 23. fxe5 Bxe5 24. Qh4 Bf6 25. Rad1 Qg7 26. Rd6 h5 27. Rfd1 Qe7 28. Bf4 Bc6 29. Qg3 Rc8 30. Ne6 Nxe6 31. Rxe6 Qg7 32. Rdd6 h4 33. Qe1 Be4 34. Be3 g5 35. Rxf6 Rxf6 36. Rxf6 Rd8 37. Rf7 Qe5 38. Bxg5 1-0

[Event "BCF-chT4S 1819 (4NCL)"]
[Site "England"]
[Date "2019.01.13"]
[Round "4.125"]
[White "Ford, Conor"]
[Black "Bull, Philip"]
[Result "0-1"]
[WhiteElo "1532"]
[BlackElo "1997"]
[PlyCount "132"]
[EventDate "2018.11.17"]
[EventType "team-swiss"]
[EventRounds "11"]
[EventCountry "ENG"]
[SourceTitle "EXT 2021"]
[Source "ChessBase"]
[SourceDate "2020.10.23"]
[SourceVersion "1"]
[SourceVersionDate "2020.10.23"]
[SourceQuality "1"]
[WhiteTeam "Barnet Knights II"]
[BlackTeam "Shropshire II"]
[WhiteTeamCountry "ENG"]
[BlackTeamCountry "ENG"]

1. d4 d5 2. e3 e6 3. Bd3 f5 4. Nd2 Nf6 5. f4 Ng4 6. Qe2 c5 7. c3 c4 8. Bc2 Qh4+ 9. g3 Qd8 10. Ngf3 Nc6 11. 0-0 Be7 12. Bd1 h5 13. h4 Bd7 14. Kg2 Rh6 15. Rh1 Qc7 16. Qe1 b5 17. Be2 Nxe3+ 18. Kg1 Nc2 19. Qd1 Nxa1 20. Nf1 Qa5 21. a3 Nb3 22. Be3 a6 23. Qe1 Qb6 24. Bd1 a5 25. Bxb3 cxb3 26. Qe2 b4 27. cxb4 axb4 28. axb4 Qxb4 29. Kg2 Ra2 30. Bd2 Qa4 31. Qe1 Rxb2 32. Kh3 Bb4 33. Bxb4 Qxb4 34. Qd1 Qc3 35. Rh2 Rxh2+ 36. Kxh2 Qc2+ 37. Qd2 Qxd2+ 38. N1xd2 b2 39. Kg2 Ke7 40. Ne1 Nxd4 41. Kf2 Rh8 42. Ke3 Nb5 43. Kd3 Na3 44. Nc2 b1Q 45. Nxb1 Nxb1 46. Nd4 Rc8 47. Ne2 Bb5+ 48. Ke3 Bxe2 49. Kxe2 Rc3 50. Kf2 d4 51. Ke2 Rxg3 52. Kd1 Rg2 53. Kc1 Rg1+ 54. Kc2 Na3+ 55. Kd2 Kd6 56. Kd3 Kd5 57. Kd2 Rg2+ 58. Kd3 Rg3+ 59. Kd2 Nc4+ 60. Kd1 Rg2 61. Ke1 Ke4 62. Kd1 Ke3 63. Kc1 Kd3 64. Kb1 Kc3 65. Ka1 Kb3 66. Kb1 Rg1# 0-1

[Event "Midland-ch op Major"]
[Site "Telford"]
[Date "2018.08.12"]
[Round "5.4"]
[White "Bull, Philip"]
[Black "James, Dai"]
[Result "1/2-1/2"]
[WhiteElo "1684"]
[BlackElo "1835"]
[PlyCount "69"]
[EventDate "2018.08.10"]
[EventType "swiss"]
[EventRounds "5"]
[EventCountry "ENG"]
[SourceTitle "EXT 2023"]
[Source "ChessBase"]
[SourceDate "2022.10.05"]
[SourceVersion "1"]
[SourceVersionDate "2022.10.05"]
[SourceQuality "1"]

1. d4 Nf6 2. f4 d6 3. Nf3 Bf5 4. e3 Nbd7 5. Bd3 Bxd3 6. cxd3 c5 7. Qb3 cxd4 8. Ng5 e6 9. f5 Qa5+ 10. Bd2 Qxf5 11. e4 Qg4 12. 0-0 h6 13. Nf3 Be7 14. Nxd4 0-0 15. Nc3 d5 16. Rf4 Qg6 17. Rf3 Bc5 18. Be3 e5 19. Rg3 Qh5 20. Nf5 Bxe3+ 21. Nxe3 dxe4 22. dxe4 Nc5 23. Qc2 Ne6 24. Nf5 Kh8 25. Rh3 Qg5 26. Rf1 Nd4 27. Qd1 Rad8 28. Qe1 Nxf5 29. Rxf5 Qd2 30. Qh4 Rd3 31. Rxd3 Qxd3 32. h3 Kh7 33. Kh2 Re8 34. Rf3 Qd2 35. Qf2 1/2-1/2

[Event "Midland-ch op Major"]
[Site "Telford"]
[Date "2018.08.11"]
[Round "3.4"]
[White "Bull, Philip"]
[Black "Clegg, Robert"]
[Result "0-1"]
[WhiteElo "1684"]
[BlackElo "1822"]
[PlyCount "97"]
[EventDate "2018.08.10"]
[EventType "swiss"]
[EventRounds "5"]
[EventCountry "ENG"]
[SourceTitle "EXT 2023"]
[Source "ChessBase"]
[SourceDate "2022.10.05"]
[SourceVersion "1"]
[SourceVersionDate "2022.10.05"]
[SourceQuality "1"]

1. d4 Nf6 2. f4 d6 3. Nf3 g6 4. e3 Bg7 5. Bc4 0-0 6. 0-0 Nc6 7. Nc3 Bg4 8. h3 Bxf3 9. Qxf3 e6 10. a3 a6 11. Bd2 Qd7 12. d5 exd5 13. Nxd5 Nxd5 14. Bxd5 Nd8 15. c3 c6 16. Bb3 d5 17. Rf2 Ne6 18. Re1 Nc5 19. Bc2 f5 20. g4 Rae8 21. Rg2 Ne4 22. Bc1 Kh8 23. Bxe4 Rxe4 24. gxf5 Rxf5 25. Qg3 Qe7 26. Rf1 Bf6 27. Qg4 c5 28. Rc2 Qd7 29. Rd1 Qa4 30. Qg2 Qc4 31. Kh2 Bg7 32. h4 Bf6 33. Qg4 Bxh4 34. Kg2 Rg5 35. Qxg5 Bxg5 36. fxg5 Rg4+ 37. Kf2 Qe4 38. Re2 Rxg5 39. Ke1 h5 40. Kd2 c4 41. Rf1 Rf5 42. Rg1 Kh7 43. Reg2 g5 44. Rxg5 Rxg5 45. Rxg5 Kh6 46. Rg8 h4 47. Ke2 h3 48. Rh8+ Kg7 49. Rxh3 0-1

[Event "West Bromwich Midland op-B"]
[Site "West Bromwich"]
[Date "2017.08.13"]
[Round "4"]
[White "Brown, Geoffrey M"]
[Black "Bull, Philip"]
[Result "1-0"]
[WhiteElo "1772"]
[BlackElo "1847"]
[PlyCount "47"]
[EventDate "2017.08.11"]
[EventType "swiss"]
[EventRounds "5"]
[EventCountry "ENG"]
[SourceTitle "CBM 180 Extra"]
[Source "ChessBase"]
[SourceDate "2017.10.06"]
[SourceVersion "1"]
[SourceVersionDate "2017.10.06"]
[SourceQuality "1"]

1. f4 e5 2. fxe5 Qh4+ 3. g3 Be7 4. d4 Qh5 5. Bg2 d6 6. exd6 Bxd6 7. e4 Bg4 8. Qd3 Nc6 9. c3 0-0-0 10. Bf4 Qa5 11. Bxd6 Rxd6 12. Nd2 b5 13. Ngf3 Bxf3 14. Qxf3 Nh6 15. Nb3 Qb6 16. e5 Re8 17. 0-0-0 Rg6 18. Rhe1 Kd8 19. Nc5 b4 20. Qd5+ Ke7 21. e6 Rd8 22. exf7+ Kf8 23. Nd7+ Rxd7 24. Re8# 1-0

[Event "West Bromwich Midland op-B"]
[Site "West Bromwich"]
[Date "2017.08.12"]
[Round "3"]
[White "Di Vetta, Andrew"]
[Black "Bull, Philip"]
[Result "1/2-1/2"]
[WhiteElo "1585"]
[BlackElo "1847"]
[PlyCount "109"]
[EventDate "2017.08.11"]
[EventType "swiss"]
[EventRounds "5"]
[EventCountry "ENG"]
[SourceTitle "CBM 180 Extra"]
[Source "ChessBase"]
[SourceDate "2017.10.06"]
[SourceVersion "1"]
[SourceVersionDate "2017.10.06"]
[SourceQuality "1"]

1. d4 d5 2. Bf4 e6 3. Nf3 f5 4. e3 Nf6 5. h3 Bd6 6. Ne5 0-0 7. f3 Nh5 8. Bd3 Nxf4 9. exf4 Qh4+ 10. Ke2 Qxf4 11. c3 Bxe5 12. dxe5 Qxe5+ 13. Kf2 Rf6 14. Re1 Qd6 15. Qd2 Rg6 16. f4 Qc5+ 17. Kf3 b6 18. b4 Qf8 19. g4 Rf6 20. g5 Rf7 21. h4 Qd6 22. a4 Bb7 23. Kg3 Nd7 24. a5 bxa5 25. Rxa5 c5 26. Na3 a6 27. b5 Qb6 28. c4 axb5 29. Rxa8+ Bxa8 30. Nxb5 d4 31. Qe2 Nf8 32. Ra1 Qc6 33. Na7 Qc7 34. Nb5 Qd8 35. Qe5 Re7 36. Qxc5 Rd7 37. Qe5 Bc6 38. Ra6 Qc8 39. Rb6 Bxb5 40. Qxb5 Qa8 41. Rb8 Qh1 42. Qxd7 Qg1+ 43. Kf3 Qe3+ 44. Kg2 Qd2+ 45. Kf1 Qxd3+ 46. Ke1 Qe3+ 47. Kd1 Qf3+ 48. Kc2 Qc3+ 49. Kb1 Qd3+ 50. Ka1 Qc3+ 51. Kb1 Qe1+ 52. Ka2 Qd2+ 53. Kb1 Qd1+ 54. Ka2 Qc2+ 55. Ka1 1/2-1/2

[Event "BCF-chT4 0708 (4NCL)"]
[Site "England"]
[Date "2008.02.09"]
[Round "5.3"]
[White "Buttell, David"]
[Black "Bull, Philip"]
[Result "0-1"]
[WhiteElo "1755"]
[BlackElo "1925"]
[PlyCount "124"]
[EventDate "2007.09.15"]
[EventType "team-swiss"]
[EventRounds "11"]
[EventCountry "ENG"]
[SourceTitle "EXT 2009"]
[Source "ChessBase"]
[SourceDate "2008.11.26"]
[SourceVersion "1"]
[SourceVersionDate "2008.11.26"]
[SourceQuality "1"]
[WhiteTeam "Celtic Tigers II"]
[BlackTeam "Halesowen"]
[WhiteTeamCountry "ENG"]
[BlackTeamCountry "ENG"]

1. d4 d5 2. c4 e5 3. dxe5 d4 4. Nf3 Nc6 5. g3 Bf5 6. a3 Qd7 7. Bg2 Nge7 8. 0-0 0-0-0 9. Bd2 Ng6 10. b4 Ngxe5 11. Nxe5 Nxe5 12. Bf4 Nxc4 13. Nd2 Nxd2 14. Qxd2 Qe6 15. Rfc1 Rd7 16. e3 d3 17. Rc3 Bd6 18. Bxd6 Qxd6 19. Rac1 h5 20. Rc4 Rhd8 21. Rc5 Qf6 22. e4 Bg4 23. h3 Be2 24. h4 Kb8 25. Bh3 Bg4 26. Bxg4 hxg4 27. Re1 Qa6 28. Rc3 g6 29. Rd1 Qe6 30. Re1 Qe5 31. Rc5 Qd4 32. e5 b6 33. Rc3 Re8 34. Rd1 Red8 35. Re1 Qd5 36. Rd1 Qxe5 37. Re1 Qd5 38. Re3 Qf5 39. Rc4 Rd4 40. Rc1 Qb5 41. Ree1 Rc4 42. Rxc4 Qxc4 43. Rc1 Qd5 44. Qc3 Rd7 45. Rd1 Qf3 46. Rd2 Rd6 47. b5 f5 48. Qe5 Qe4 49. Qa1 Re6 50. Qd1 Rd6 51. Qf1 Qd5 52. Qb1 Qc4 53. a4 Kb7 54. Qd1 a6 55. bxa6+ Kxa6 56. Qb1 c5 57. Qd1 Qd5 58. Qb1 c4 59. Qb4 Qc5 60. Qc3 Re6 61. Qh8 Re1+ 62. Kh2 Qc6 0-1

[Event "BCF-chT4 0708 (4NCL)"]
[Site "England"]
[Date "2007.11.25"]
[Round "4.3"]
[White "Bull, Philip"]
[Black "Davies, Matthew"]
[Result "1/2-1/2"]
[WhiteElo "1925"]
[BlackElo "1937"]
[PlyCount "99"]
[EventDate "2007.09.15"]
[EventType "team-swiss"]
[EventRounds "11"]
[EventCountry "ENG"]
[SourceTitle "EXT 2009"]
[Source "ChessBase"]
[SourceDate "2008.11.26"]
[SourceVersion "1"]
[SourceVersionDate "2008.11.26"]
[SourceQuality "1"]
[WhiteTeam "Halesowen"]
[BlackTeam "Wales Old Boys"]
[WhiteTeamCountry "ENG"]
[BlackTeamCountry "WLS"]

1. d4 d5 2. e3 Bf5 3. Bd3 Bg6 4. f4 e6 5. Nf3 Nf6 6. Qe2 a6 7. Nbd2 Be4 8. 0-0 Be7 9. Ng5 Bxd3 10. Qxd3 c5 11. c3 h6 12. Nh3 Nc6 13. Nf2 0-0 14. Nf3 Rc8 15. Ne5 b5 16. Bd2 Nd7 17. Rae1 f5 18. Qe2 Nf6 19. Ng6 Rf7 20. Nd3 Kh7 21. Nxe7 Qxe7 22. Nxc5 Ne4 23. Nxe4 fxe4 24. Rf2 Na5 25. Ref1 Rcf8 26. Qg4 Nc4 27. Bc1 Nd6 28. Qh3 g6 29. g4 Kg7 30. Qg3 Rc8 31. f5 exf5 32. gxf5 Qg5 33. Qxg5 hxg5 34. fxg6 Rxf2 35. Rxf2 Kxg6 36. Rg2 Nf5 37. Bd2 Nh4 38. Re2 Nf3+ 39. Kh1 b4 40. Kg2 Rh8 41. Kh1 Rc8 42. Kg2 Nxd2 43. Rxd2 bxc3 44. Rc2 cxb2 45. Rxb2 Kf5 46. Kg3 Rc3 47. Rf2+ Kg6 48. Re2 Kh5 49. h4 gxh4+ 50. Kf4 1/2-1/2

[Event "BCF-chT4 0708 (4NCL)"]
[Site "England"]
[Date "2007.11.24"]
[Round "3.3"]
[White "Jones, Victor GL"]
[Black "Bull, Philip"]
[Result "1/2-1/2"]
[WhiteElo "1851"]
[BlackElo "1915"]
[PlyCount "99"]
[EventDate "2007.09.15"]
[EventType "team-swiss"]
[EventRounds "11"]
[EventCountry "ENG"]
[SourceTitle "EXT 2009"]
[Source "ChessBase"]
[SourceDate "2008.11.26"]
[SourceVersion "1"]
[SourceVersionDate "2008.11.26"]
[SourceQuality "1"]
[WhiteTeam "KJCA Kings"]
[BlackTeam "Halesowen"]
[WhiteTeamCountry "ENG"]
[BlackTeamCountry "ENG"]

1. e4 c5 2. Nf3 a6 3. d3 Nc6 4. g3 d6 5. Bg2 g6 6. 0-0 Bg7 7. c3 Bg4 8. Nbd2 Qd7 9. Re1 Ne5 10. Nc4 Nxc4 11. dxc4 Rd8 12. Qc2 e5 13. Be3 Nf6 14. Rad1 Qc6 15. h3 Be6 16. Nd2 Qc8 17. Kh2 h5 18. Nf3 Bxc4 19. Nh4 Nh7 20. f4 Bf6 21. Nf3 0-0 22. f5 Qc7 23. a4 a5 24. b3 Ba6 25. c4 b6 26. g4 hxg4 27. hxg4 g5 28. Qc1 Qe7 29. Kg3 Bb7 30. Bd2 Kg7 31. Rh1 Bxe4 32. Nxg5 Nxg5 33. Rh5 Bxg2 34. Bxg5 Rh8 35. Bh6+ Kg8 36. Kxg2 Bg7 37. Rdh1 f6 38. Bxg7 Kxg7 39. Rh6 Qb7+ 40. Kf2 Qe7 41. g5 Rxh6 42. Rxh6 fxg5 43. f6+ Qxf6+ 44. Rxf6 Kxf6 45. Ke3 Rh8 46. Qd1 Rh3+ 47. Ke4 Rh4+ 48. Kf3 Rd4 49. Qc2 e4+ 50. Ke3 1/2-1/2

[Event "BCF-chT4 0506 (4NCL)"]
[Site "West Bromwich"]
[Date "2005.12.04"]
[Round "4.3"]
[White "Bull, Philip"]
[Black "Lutton, J Arnold"]
[Result "1-0"]
[WhiteElo "1865"]
[BlackElo "1940"]
[PlyCount "119"]
[EventDate "2005.11.05"]
[EventType "team"]
[EventRounds "11"]
[EventCountry "ENG"]
[SourceTitle "CBM 109 Extra"]
[Source "ChessBase"]
[SourceDate "2006.01.03"]
[SourceVersion "2"]
[SourceVersionDate "2006.01.03"]
[SourceQuality "1"]
[WhiteTeam "Oxford III"]
[BlackTeam "SC Stars"]
[WhiteTeamCountry "ENG"]
[BlackTeamCountry "ENG"]

1. d4 e6 2. e3 Nf6 3. Bd3 d5 4. f4 c5 5. c3 Nc6 6. Nf3 Bd7 7. 0-0 Be7 8. Ne5 0-0 9. Nd2 h6 10. Ndf3 Ne4 11. Qc2 cxd4 12. exd4 f6 13. Nxd7 Qxd7 14. Bxe4 dxe4 15. Qxe4 Rfe8 16. Bd2 Rad8 17. Rad1 Bd6 18. Kh1 Bc7 19. Qg6 Qf7 20. Qxf7+ Kxf7 21. g3 Ne7 22. Rde1 Nf5 23. Bc1 b5 24. a3 Bb6 25. g4 Ne7 26. g5 hxg5 27. fxg5 Nf5 28. Re2 Bc7 29. Rfe1 e5 30. dxe5 Rh8 31. Kg2 Rd3 32. Bf4 Bb6 33. Rd2 Nh4+ 34. Nxh4 Rxd2+ 35. Bxd2 Rxh4 36. gxf6 gxf6 37. exf6 Kxf6 38. Be3 Bc7 39. h3 Rh7 40. Bxa7 Rg7+ 41. Kf1 Rg3 42. Bd4+ Kf5 43. Re3 Rg6 44. Re7 Bf4 45. Rb7 Rg3 46. Rxb5+ Ke4 47. Rb7 Rxh3 48. Rg7 Rd3 49. Re7+ Kf3 50. a4 Rd1+ 51. Re1 Rd2 52. b4 Rh2 53. Bg1 Rc2 54. Bd4 Rh2 55. a5 Rh1+ 56. Bg1 Bd2 57. Re7 Rh6 58. Rf7+ Bf4 59. b5 Rd6 60. Rxf4+ 1-0